| 000 | 00656nam a2200241 a 4500 | ||
|---|---|---|---|
| 008 | |||
| 020 | _a0071137742 (pbk.) | ||
| 049 | _aMAIN | ||
| 090 | _aTA357 | ||
| 100 | 1 | _aWhite, Frank M. | |
| 245 | 1 | 0 |
_aFluid mechanics / _cFrank M. White. |
| 250 | _a3rd. ed. | ||
| 260 |
_aNew York : _bMcGraw-Hill, _cc1994. |
||
| 300 |
_axiii, 736 p. : _bill. ; _c24 cm. |
||
| 504 | _aIncludes bibliographical references. | ||
| 500 | _aIncludes index. | ||
| 650 | 0 | _aFluid mechanics. | |
| 907 |
_a.b10122734 _b19-10-07 _c20-05-04 |
||
| 003 | |||
| 005 | 20230123133719.0 | ||
| 040 | _cNUST | ||
| 942 |
_cBOOKS _kTA357 |
||
| 999 |
_c153360 _d153360 |
||